Plants and society
Uloženo v:
| Hlavní autor: | |
|---|---|
| Médium: | Kniha |
| Jazyk: | Undetermined |
| Vydáno: |
London
Wm.C.Brown Publishers
1996
|
| Témata: | |
| Tagy: |
Přidat tag
Žádné tagy, Buďte první, kdo otaguje tento záznam!
|
| Thư viện lưu trữ: | Trung tâm Học liệu Trường Đại học Cần Thơ |
|---|
| LEADER | 00475nam a2200181Ia 4500 | ||
|---|---|---|---|
| 001 | CTU_39002 | ||
| 008 | 210402s9999 xx 000 0 und d | ||
| 082 | |a 581 | ||
| 082 | |b L663 | ||
| 100 | |a Estelle Levetin | ||
| 245 | 0 | |a Plants and society | |
| 245 | 0 | |c Estelle Levetin, Karen McMahon | |
| 260 | |a London | ||
| 260 | |b Wm.C.Brown Publishers | ||
| 260 | |c 1996 | ||
| 650 | |a plants | ||
| 904 | |i Liên, 000626 | ||
| 980 | |a Trung tâm Học liệu Trường Đại học Cần Thơ | ||